000 00868cab a2200265 4500
001 WB3440-41
008 090401t1998 xxu||||| |||| 00| 0 eng d
035 _a(Sirsi) u89170
041 _aeng
245 _aTough line on new towns
260 _c1998
350 _a0
490 _aFinancial Times
_v20 October 1998, 14(1)
520 _aThe government has indicated that it favours the extension of urban areas rather than greenfield development in the search for land on which to build 4.4 million new homes by 2016. This policy is to be set out in new planning guidance.
650 _aGREENFIELD SITES
650 _aHOUSE BUILDING
650 _aHOUSEHOLD PROJECTIONS
650 _aNEW HOUSES
650 _aNEW TOWNS
650 _aPLANNING GUIDELINES
650 _aPPG3
690 _aPLANNING LAW AND PRACTICE
942 _n0
948 _c21/10/1998
999 _c56390
_d56390